Eredivisie: 50+ Assists (2000-) - Statistics

General Stats
  • This quiz has been taken 4 times
  • The average score is 11 of 14
Answer Stats
Ranking Player Positions Nationality Matches Goals (assists) Periods Clubs % Correct
1 Dušan Tadić MF, FW 295 119 (132) 2010-2013, 2018-2023
100%
3 Hakim Ziyech MF, FW 216 79 (88) 2012-2020
100%
10 Kenneth Pérez MF, FW 269 88 (58) 2000-2010
100%
7 Lasse Schöne MF 459 85 (70) 2007-2018, 2020-2025
100%
12 Luis Suárez FW 139 91 (52) 2006-2011
100%
4 Luuk de Jong FW 337 192 (82) 2008-2011, 2014-2018, 2022-2025
100%
2 Steven Berghuis MF, FW 351 116 (93) 2010-2014, 2016-2025
100%
13 Anthony Lurling MF, FW 353 64 (52) 2000-2005, 2007-2014
67%
9 Dennis Rommedahl MF, FW 192 33 (59) 2000-2003, 2007-2010
67%
5 Dirk Kuyt DF, FW 264 142 (74) 2000-2005, 2015-2017
67%
14 Maarten Martens MF 207 42 (50) 2004-2014
67%
6 Jens Toornstra MF, FW 476 90 (74) 2009-2025
33%
8 Joey Veerman MF, FW 175 28 (60) 2019-2025
33%
11 Luciano Narsingh MF, FW 218 38 (54) 2008-2016, 2019-2021
33%
No matching quizzes found
Score Distribution
Percent of People with Each Score
Percentile by Number Answered
Your Score History
You have not taken this quiz